Political Economy of Development in India (Record no. 3452)
[ view plain ]
| 000 -LEADER | |
|---|---|
| fixed length control field | 00460nam a22001817a 4500 |
| 003 - CONTROL NUMBER IDENTIFIER | |
| control field | OSt |
| 005 - DATE AND TIME OF LATEST TRANSACTION | |
| control field | 20240220125316.0 |
| 008 - FIXED-LENGTH DATA ELEMENTS--GENERAL INFORMATION | |
| fixed length control field | 240220b |||||||| |||| 00| 0 eng d |
| 020 ## - INTERNATIONAL STANDARD BOOK NUMBER | |
| International Standard Book Number | 9780195647709 |
| 082 ## - DEWEY DECIMAL CLASSIFICATION NUMBER | |
| Classification number | 338.954 |
| Item number | BARP |
| 100 ## - MAIN ENTRY--PERSONAL NAME | |
| Personal name | Bardhan, Pranab |
| 245 ## - TITLE STATEMENT | |
| Title | Political Economy of Development in India |
| 260 ## - PUBLICATION, DISTRIBUTION, ETC. | |
| Place of publication, distribution, etc. | New Delhi |
| Name of publisher, distributor, etc. | Oxford Uni. Press |
| Date of publication, distribution, etc. | 2022 |
| 300 ## - PHYSICAL DESCRIPTION | |
| Extent | 153p |
| 546 ## - LANGUAGE NOTE | |
| Language note | English |
| 650 ## - SUBJECT ADDED ENTRY--TOPICAL TERM | |
| Topical term or geographic name entry element | India-Economic Policy |
| 942 ## - ADDED ENTRY ELEMENTS (KOHA) | |
| Source of classification or shelving scheme | Dewey Decimal Classification |
| Koha item type | Book |
| Withdrawn status | Lost status | Source of classification or shelving scheme | Damaged status | Not for loan | Collection code | Home library | Current library | Shelving location | Date acquired | Source of acquisition | Cost, normal purchase price | Inventory number | Full call number | Barcode | Date last seen | Price effective from | Koha item type | Public note |
|---|---|---|---|---|---|---|---|---|---|---|---|---|---|---|---|---|---|---|
| Dewey Decimal Classification | Non-fiction | RIC Library | RIC Library | General Stacks | 02/20/2024 | RBSA Pub. | 395.00 | 209/09.01.2024 | 338.954 BARP | 002745 | 02/20/2024 | 02/20/2024 | Book | R-7.4 |
